| 000 | 00740nam a2200241 a 4500 | ||
|---|---|---|---|
| 001 | BRCA_8005 | ||
| 005 | 20190320210107.0 | ||
| 008 | 180314t19481968gw-a###f##---#000-0#ger-# | ||
| 041 | _ager | ||
| 044 | _agw | ||
| 050 | 4 |
_aNK2270 _b.M8 _c1968 |
|
| 100 | 1 |
_aMüller-Christensen Sigrid _99378 |
|
| 245 | 1 | 0 |
_aAlte Möbel _bvon mittelalter bis zum jugendstil _cSigrid Müller-Christensen. |
| 250 | _a7 | ||
| 260 |
_aMünchen _bBruckmann _c1968 |
||
| 300 |
_a211 p. _bil. (algunas a color), 23 láminas y 4 paneles _c24 cm. |
||
| 500 | _a3128 | ||
| 650 | 1 | 4 |
_aMuebles antiguos _vEdad Media _919876 |
| 650 | 1 | 4 |
_aMuebles antiguos _vColecciones y coleccionistas _919877 |
| 650 | 1 | 4 |
_aMuebles _vModernismo _919878 |
| 902 | _aGFM | ||
| 942 |
_2lcc _cB |
||
| 999 |
_c7674 _d7674 |
||